000 01209nam a22001697a 4500
005 20211210100600.0
008 211210b20 my ||||| |||| 00| 0 my d
020 _cSumbangan JKDM
040 _aAKMAL
082 _a343.5950552 MAL
090 _a343.5950552
_bMAL
100 _aJKDM
_99332
245 _aUndang-Undang Malaysia : Penetapan Tarikh Permulaan Kuat Kuasa [P.U.(B) 506/2018], Penetapan Tarikh Permulaan Kuat Kuasa [P.U.(B) 4/2019], Penetapan Tarikh Efektif Bagi Mengenakan Dan Melevikan Cukai Jualan [P.U.(B) 507/2018], Perintah Cukai Jualan (Jumlah Nilai Jualan Barang Bercukai) 2018 [209/2018], Perintah Cukai Jualan (Pengecualian Daripada Pendaftaran) 2018 [P.U.(A)208/2018], Perintah Cukai Jualan (Pengenaan Cukai Jualan Berkenaan Dengan Kawasan Ditetapkan) 2018 [P.U.(A) 206/2018],Perintah Cukai Jualan (Pengenaan Cukai Jualan Berkenaan Dengan Kawasan Ditetapkan) (Pindaan) 2019 [P.U.(A) 92/2019, Perintah Cukai Jualan (Pengenaan Cukai Jualan Berkenaan Dengan Kawasan Khas) 2018 [P.U.(A) 207/2018], Perintah Cukai Jualan Berkenaan Dengan Kawasan Khas) (Pindaan) 2018 [P.U.(A) 401/2018]
264 _aKuala Lumpur
_bPercetakan Malaysia Berhad
_c2021
300 _a25
_c25cm
942 _2ddc
_cBOOK
999 _c4914
_d4914